Statistics for Uruguay Current Squad

Click here to take the quiz!

General Stats

  • This quiz has been taken 19 times
    (4 since last reset)
  • The average score is 6 of 24

Answer Stats

RoleClubPlayer Name% Correct
ForwardLiverpoolDarwin Núñez
100%
MidfielderReal MadridFederico Valverde
100%
ForwardInter MiamiLuis Suárez
100%
ForwardDeportivo TolucaMaximiliano Araújo
75%
DefenderBarcelonaRonald Araújo
75%
DefenderAtlético MadridJosé Giménez
50%
MidfielderTottenham HotspurRodrigo Bentancur
50%
ForwardGranadaFacundo Pellistri
25%
ForwardOrlando CityFacundo Torres
25%
MidfielderParis Saint-GermainManuel Ugarte
25%
ForwardAthletico ParanaenseAgustín Canobbio
0%
DefenderGranadaBruno Méndez
0%
ForwardClub LeónFederico Viñas
0%
MidfielderGrêmioFelipe Carballo
0%
GoalkeeperSporting CPFranco Israel
0%
MidfielderFlamengoGiorgian de Arrascaeta
0%
DefenderFlamengoGuillermo Varela
0%
Coach-Marcelo Bielsa
0%
DefenderNapoliMathías Olivera
0%
DefenderFlamengoMatías Viña
0%
MidfielderFlamengoNicolás de la Cruz
0%
GoalkeeperJunior FCSantiago Mele
0%
DefenderClub AméricaSebastián Cáceres
0%
GoalkeeperInternacionalSergio Rochet
0%

Score Distribution

Percentile by Number Answered

Percent of People with Each Score

Your Score History

You have not taken this quiz since the last reset